00390 a2200121 4500001001000000005001700010008004100027245004400068100001800112700002400130773009700154999001700251ART_4889720260410162019.0260409a 10a¿Yendo de la insania a la incapacidad?1 aOlmo, Juan P.1 aScaserra, Selene I.0 tTemas de derecho de familia, sucesiones y bioéticag- Año 4, N° 4 (abr. 2019)wREV41029 c32897d32897